Periodic Table Families - Statistics

General Stats
  • This quiz has been taken 24 times
  • The average score is 4 of 9
Answer Stats
Column Family % Correct
1 Alkali Metals
95%
3-12 Transition Metals
86%
18 Noble Gases
76%
2 Alkaline Earth Metals
62%
17 Halogens
57%
16 Chalcogens
14%
15 Pnictogens
14%
13 Boron Group
10%
14 Carbon Group
10%
No matching quizzes found
Score Distribution
Percent of People with Each Score
Percentile by Number Answered
Your Score History
You have not taken this quiz